000 00278nam a2200097 a 4500
005 20200930075922.0
008 120131s1985 000 spa d
245 0 _aObras del canónigo Francisco Javier Billini.
260 _aHiguey, República Dominicana,
_c1985.
999 _c36248
_d36248
040 _aDO-SdBNP